=LDR 00000nam 2200000 4500 =001 INLIS000000000022918 =005 20130612121627 =008 ***********************************Ind** =035 ##$$0010-061300000022918 =041 ##$$a Ind =082 ##$$a 639.9 =090 ##$$a 639.9, All h =100 ##$$a Allen, Julia =245 ##$$a Hak asasi satwa, Julia Allen, Margaret Iggulden =260 ##$$a 2006 $b Bandung =300 ##$$a 32Hlm, ilus, 28 cm =650 ##$$a Cagar alam =850 ##$$a NBPNMAT